书目信息 |
| 题名: |
纳兰容若词传 仓央嘉措诗传大全集
|
|
| 作者: | 聂小晴 , 泉凌波 , 闫晗 编著 | |
| 分册: | ||
| 出版信息: | 北京 中国华侨出版社 2011 |
|
| 页数: | 350页 | |
| 开本: | 29cm | |
| 丛书名: | ||
| 单 册: | ||
| 中图分类: | K825.6=49 , I207.23 , B949.92 , I207.22 | |
| 科图分类: | ||
| 主题词: | ||
| 电子资源: | ||
| ISBN: | 978-7-5113-1637-0 | |
| 000 | 01205nam0 2200325 45 | |
| 001 | 012001002226 | |
| 005 | 20140926114739.0 | |
| 010 | @a978-7-5113-1637-0@dCNY59.80 | |
| 100 | @a20111224d2011 em y0chiy50 ea | |
| 101 | 0 | @achi |
| 102 | @aCN@b110000 | |
| 105 | @ay z 000yy | |
| 106 | @ar | |
| 200 | 1 | @a纳兰容若词传 仓央嘉措诗传大全集@9na lan rong ruo ci zhuan cang yang jia cuo shi zhuan da quan ji@f聂小晴,泉凌波,闫晗编著 |
| 210 | @a北京@c中国华侨出版社@d2011 | |
| 215 | @a350页@d29cm | |
| 330 | @a本书分为“纳兰容若词传”和“仓央嘉措诗传”上下两篇,分别讲述了纳兰容若和仓央嘉措短暂而绚烂的一生,并以二人诗词中最动人的语句,揭示了他们凄美悲情的内心世界。书中诗词附有注释、赏析等栏目。 | |
| 600 | 0 | @a纳兰性德@f(1654-1685)@x生平事迹 |
| 600 | 0 | @a纳兰性德@f(1654-1685)@x词(文学)@x文学欣赏 |
| 600 | 0 | @a达赖六世@f(1683-1706)@x生平事迹 |
| 600 | 0 | @a达赖六世@f(1683-1706)@x诗歌欣赏 |
| 690 | @aK825.6=49@v4 | |
| 690 | @aI207.23@v4 | |
| 690 | @aB949.92@v4 | |
| 690 | @aI207.22@v4 | |
| 701 | 0 | @a聂小晴@9nie xiao qing@4编著 |
| 701 | 0 | @a泉凌波@9quan ling bo@4编著 |
| 701 | 0 | @a闫晗@9yan han@4编著 |
| 801 | 0 | @aCN@b上海新华@c20180901 |
| 905 | @b1152842-6@dK825.6=49@e1158@f5 | |
| 纳兰容若词传 仓央嘉措诗传大全集/聂小晴,泉凌波,闫晗编著.-北京:中国华侨出版社,2011 |
| 350页;29cm |
| ISBN 978-7-5113-1637-0:CNY59.80 |
| 本书分为“纳兰容若词传”和“仓央嘉措诗传”上下两篇,分别讲述了纳兰容若和仓央嘉措短暂而绚烂的一生,并以二人诗词中最动人的语句,揭示了他们凄美悲情的内心世界。书中诗词附有注释、赏析等栏目。 |
| ● |
| 相关链接 |
|
|
|
|
正题名:纳兰容若词传 仓央嘉措诗传大全集
索取号:K825.6=49/1158
 
预约/预借
| 序号 | 登录号 | 条形码 | 馆藏地/架位号 | 状态 | 备注 |
| 1 | 1152842 | 211528426 | 第二样本阅览室/ [索取号:K825.6=49/1158] | 在馆 | |
| 2 | 1152843 | 211528435 | 第二借阅区/ [索取号:K825.6=49/1158] | 在馆 | |
| 3 | 1152844 | 211528444 | 第二借阅区/ [索取号:K825.6=49/1158] | 在馆 | |
| 4 | 1152845 | 211528453 | 第二借阅区/ [索取号:K825.6=49/1158] | 在馆 | |
| 5 | 1152846 | 211528462 | 密集书库-史法系/ [索取号:K825.6=49/1158] | 在馆 |